| 000 | 00978cam a2200325 a 4500 | ||
|---|---|---|---|
| 001 | 23428 | ||
| 003 | BD-RjUL | ||
| 005 | 20211209000929.0 | ||
| 008 | 970630s1927 enk 001 0 grc | ||
| 035 | _ax3393218 | ||
| 035 | _a(BD-RjUL)23493 | ||
| 035 | _a(UkLCURL)014480831 | ||
| 035 | _a(UkCU)4480831 | ||
| 038 | _aUkLCURL | ||
| 040 |
_aDLC _beng _cDLC _dBD-RjUL |
||
| 041 | 1 |
_agrc _aeng |
|
| 082 | 0 | 4 |
_a888 _bPLP 1949 |
| 090 |
_aCam _b9706.d.1166.26 |
||
| 100 | 0 |
_aPlutarch. _972158 |
|
| 245 | 1 | 0 |
_aPlutarch's Moralia / _cwith an English translation by Frank Cole Babbitt. _nVolume-III _p172 A-263o |
| 260 |
_aLondon ; _aCambridge, Mass. : _bHeinemann : _bHarvard University Press, _c[reprinted 1949]. |
||
| 300 |
_aV-3 (xii, 599 p.) ; _c17 cm. |
||
| 504 | _aIncludes index. | ||
| 650 | 1 |
_aPlutarch. _972159 |
|
| 830 | 0 |
_v197. _972167 |
|
| 700 | 1 |
_aBabbitt, Frank Cole. _972161 |
|
| 830 | 0 |
_aLoeb classical library ; _972168 |
|
| 942 |
_2ddc _cBK |
||
| 999 |
_c23428 _d23428 |
||